Tilastot visalle Yleistieto #36

Klikkaa tästä pelataksesi tätä visaa!

Yleistilastot

  • Tätä visaa on pelattu 122 kertaa
  • Keskiarvotulos 8 / 15

Vastaustilastot

VinkkiVastaus% Oikein
Mikä jääkiekkojoukkue on voittanut eniten suomenmestaruuksia?Tappara
84%
Minkä maalainen jääkiekkoilija on Mario Lemieux?Kanadalainen
82%
Minkä kaupungissa on Vesipuisto Serena?Espoossa
71%
Miksi kutsutaan japanilaista paperintaittelutaidetta?Origami
69%
Minkä Yhdysvaltojen osavaltion suurin kaupunki on Phoenix?Arizonan
68%
Kenen hitti on "Vanha nainen hunningolla"?Erinin
66%
Kuka on kirjoittanut kirjan " Puhdistus?"?Sofi Oksanen
66%
Kuka oli Suomen ensimmäinen naispuolinen puolustusministeri?Elisabeth Rehn
58%
Kuka esittää Han Soloa 1970-luvun Star Wars elokuvissa?Harrison Ford
57%
Minkä kaupungin urheiluseuroja on Susirajan Volley?Joensuun
35%
^Missä maassa ne sijaitsevat?Venezuelassa
32%
Minkä bändin levy on "Appetite for Destruction"?Guns'n Roses
29%
Mikä on marsun sukuisen capybaran suomenkielinen nimi?Vesisika
27%
Mitkä ovat maailman korkeimmat vesiputoukset?Angelin putoukset
27%
Mikä on Etelä-Amerikan korkein vuori?Aconcagua
14%

Tulosjakauma

Persentiili vastausten määrän mukaan

Jokaisen tuloksen saaneiden osuus

Tuloshistoriasi

Et ole pelannut tätä visaa